One More Light - Linkin Park (All Lyrics) - Statistics

General Stats
  • This quiz has been taken 118 times
  • The average score is 182 of 219
Answer Stats
Answer % Correct
I
100%
the
100%
The
100%
light
98%
a
97%
In
97%
more
97%
one
97%
cares
95%
if
95%
If
95%
sky
95%
Who
95%
goes
93%
out
93%
out?
93%
We
93%
we
93%
million
91%
of
91%
stars?
91%
It
90%
it,
90%
it
90%
you
90%
are
88%
are?
88%
is
88%
all
86%
do
86%
stars?
86%
flickers,
84%
flickers
84%
moment
84%
time
84%
Well,
83%
there
81%
There
81%
when
81%
runs
79%
Can
78%
can
78%
not
78%
should
78%
And
76%
and
76%
someone's
76%
your
74%
can't
72%
to
71%
be,
69%
but
69%
say
69%
they
69%
have,
67%
it's
66%
you're
66%
angry,
64%
fair
64%
ignored?
64%
need,
64%
oh
64%
quicker,
64%
quicker?
64%
stayed,
64%
that
64%
chair
62%
kitchen,
62%
see
62%
things
62%
were
62%
world
62%
anymore?
60%
'cause
60%
help
60%
hurt
60%
keep
60%
than
60%
doesn't
59%
mean
59%
Should've
59%
from
57%
isn't
57%
Just
55%
signs
55%
was
55%
asleep
48%
reminders
48%
feet
47%
saw
47%
floor
45%
Or
45%
pull
41%
brilliance
40%
No matching quizzes found
Score Distribution
Percent of People with Each Score
Percentile by Number Answered
Your Score History
You have not taken this quiz